000 00462cam a2200181ua 4500
001 6173
005 20260515114013.0
008 131120n ii |||gr||||Z||||||asm
040 _cMAIN
082 _a657
245 _aBanijyik Patiganit
_cBy Badan Chandra Barua
260 _aGuwahati:
_bPathyaputhi Sammanay Samiti,
_c1974.
300 _ax,248p.
653 _aCommerce
653 _aBanijyik Patiganit
700 _aBarua,Badan Chandra,
_eAuthor.
942 _cBK
999 _c5320
_d5320